000 00746nam a22002057a 4500
008 090202t xxu||||| |||| 00| 0 eng d
010 _aENG-92759
020 _c150.00
035 _aEN-76292
037 _bDBAD / PUB
040 _adpl
_bEnglish
082 _a511.5
100 _aKavitha, R.
245 _aGraph theory /
_cby R. Kavitha
260 _aThiruthuraipoondi
_bMurugan Publishers
_c2007
270 _a6/B, Munusif Court Street,
_bThiruthuraipoondi
_e614713
300 _aVarious pagings
_c26cm (pbk)
942 _2ddc
_cEN
_mKAV
_h511.5
999 _c22868
_d22868